| 000 | 00956nam a2200289 a 4500 | ||
|---|---|---|---|
| 008 | |||
| 020 | _a0199632731 (pbk.) | ||
| 049 | _aMAIN | ||
| 090 |
_aQP552.L5 _bLIP |
||
| 245 | 0 | 0 |
_aLipid modification of proteins : _ba practical approach / _cedited by N.M. Hooper and A.J. Turner. |
| 260 |
_aOxford : _bIRL Press at Oxford University, _cc1992. |
||
| 300 |
_axx, 290 p. : _bill. ; _c25 cm. |
||
| 440 | 4 | _aThe Practical approach series. | |
| 504 | _aIncludes bibliographical references. | ||
| 500 | _aIncludes index. | ||
| 650 | 0 |
_aLipoproteins _xSynthesis _xResearch _xMethodology. |
|
| 650 | 0 | _aPost-translational modification. | |
| 650 | 0 | _aAcylation. | |
| 650 | 2 | _aProtein Processing, Post-Translational | |
| 700 | 1 | _aHooper, N. M. | |
| 700 | 1 | _aTurner, A.J. | |
| 907 |
_a.b10055915 _b10-04-13 _c17-04-03 |
||
| 003 | |||
| 005 | 20230123134027.0 | ||
| 040 | _cNUST | ||
| 942 |
_cBOOKS _kQP552.L5 _mLIP |
||
| 999 |
_c158760 _d158760 |
||